000 00652nam a2200229Ia 4500
003 OSt
005 20221006165229.0
006 a|||||r|||| 00| 0
007 ta
008 221006b |||||||| |||| 00| 0 hin d
024 _a3,586
037 _cTextual
040 _aFML
_cFML
_bhin
041 _2hin
_ahin
082 _aQ8441 x k66:g(W94), P4
100 _aArora Harish Au.
_9679378
245 0 _aGuru Govind Singh Ke Kaavya Main Rashtriya Asmita
260 _aNew Delhi
_bK. K Publication
_c2004
300 _a213
_ccm.
942 _hQ8441 x k66:g(W94), P4
_cTEXL
_2CC
999 _c1120077
_d1120077